书目信息 |
| 题名: |
聚力改革 治水惠民
|
|
| 作者: | ;中国水利报社 编 | |
| 分册: | ||
| 出版信息: | 北京 中国水利水电出版社 2017 |
|
| 页数: | 242页 | |
| 开本: | 26cm | |
| 丛书名: | ||
| 单 册: | ||
| 中图分类: | I253.6 | |
| 科图分类: | ||
| 主题词: | 新闻报道--作品集--中国--当代 | |
| 电子资源: | ||
| ISBN: | 978-7-5170-6181-6 | |
| 000 | 01109nam0 2200241 450 | |
| 001 | 012001001432 | |
| 005 | 20140921103355.0 | |
| 010 | @a978-7-5170-6181-6@dCNY80.00 | |
| 100 | @a20180513d2017 em y0chiy50 ea | |
| 101 | 0 | @achi |
| 102 | @aCN@b110000 | |
| 105 | @ay z 000yy | |
| 106 | @ar | |
| 200 | 1 | @a聚力改革 治水惠民@9ju li gai ge zhi shui hui min@e中国水利报社“深入基层报道年”活动优秀作品集@f中国水利报社编 |
| 210 | @a北京@c中国水利水电出版社@d2017 | |
| 215 | @a242页@d26cm | |
| 330 | @a本书精选了中国水利报社记者一年来深入基层一线采写,并发表在《中国水利报》《中国水利》杂志上的部分作品。内容主要涉及基层水利改革、落实最严格水资源管理制度、水利防灾减灾救灾等内容。本书对于水利工作者和相关行业从事新闻宣传的相关人员,有一定的借鉴和参考价值。 | |
| 517 | 1 | @a中国水利报社“深入基层报道年”活动优秀作品集@9zhong guo shui li bao she “ shen ru ji ceng bao dao nian ” huo dong you xiu zuo pin ji |
| 606 | 0 | @a新闻报道@x作品集@y中国@z当代 |
| 690 | @aI253.6@v5 | |
| 711 | 02 | @a中国水利报社@9zhong guo shui li bao she@4编 |
| 801 | 0 | @aCN@b上海新华@c20180901 |
| 905 | @b1156405-9@dI253.6@e1052@f5 | |
| 聚力改革 治水惠民:中国水利报社“深入基层报道年”活动优秀作品集/中国水利报社编.-北京:中国水利水电出版社,2017 |
| 242页;26cm |
| ISBN 978-7-5170-6181-6:CNY80.00 |
| 本书精选了中国水利报社记者一年来深入基层一线采写,并发表在《中国水利报》《中国水利》杂志上的部分作品。内容主要涉及基层水利改革、落实最严格水资源管理制度、水利防灾减灾救灾等内容。本书对于水利工作者和相关行业从事新闻宣传的相关人员,有一定的借鉴和参考价值。 |
| ● |
| 相关链接 |
|
|
|
|
正题名:聚力改革 治水惠民
索取号:I253.6/1052
 
预约/预借
| 序号 | 登录号 | 条形码 | 馆藏地/架位号 | 状态 | 备注 |
| 1 | 1156405 | 211564056 | 第一样本阅览室/ [索取号:I253.6/1052] | 在馆 | |
| 2 | 1156406 | 211564065 | 第二借阅区/ [索取号:I253.6/1052] | 在馆 | |
| 3 | 1156407 | 211564074 | 第二借阅区/ [索取号:I253.6/1052] | 在馆 | |
| 4 | 1156408 | 211564083 | 第二借阅区/ [索取号:I253.6/1052] | 在馆 | |
| 5 | 1156409 | 211564092 | 密集书库-文学院/ [索取号:I253.6/1052] | 在馆 |